|
|
|
|
| LEADER |
01935nam a2200433 i 4500 |
| 001 |
EBC2068841 |
| 003 |
MiAaPQ |
| 005 |
20200520144314.0 |
| 006 |
m o d | |
| 007 |
cr cnu|||||||| |
| 008 |
150624t20152015enk o 000 0 eng d |
| 020 |
|
|
|z 9781783485406
|
| 020 |
|
|
|a 9781783485413 (e-book)
|
| 035 |
|
|
|a (MiAaPQ)EBC2068841
|
| 035 |
|
|
|a (Au-PeEL)EBL2068841
|
| 035 |
|
|
|a (CaPaEBR)ebr11065641
|
| 035 |
|
|
|a (CaONFJC)MIL798738
|
| 035 |
|
|
|a (OCoLC)911046374
|
| 040 |
|
|
|a MiAaPQ
|b eng
|e rda
|e pn
|c MiAaPQ
|d MiAaPQ
|
| 043 |
|
|
|a e------
|
| 050 |
|
4 |
|a HG5422
|b .A937 2015
|
| 082 |
0 |
|
|a 332.0415094
|2 23
|
| 100 |
1 |
|
|a Aubrey, Thomas,
|e author.
|
| 245 |
1 |
0 |
|a Supporting investors and growth firms :
|b a bottom-up appraoch to a capital markets union /
|c Thomas Aubrey, Renaud Thillaye, Alastair Reed.
|
| 264 |
|
1 |
|a London, [England] ;
|a New York, [New York] :
|b Policy Network :
|b Rowman & Littlefield International,
|c 2015.
|
| 264 |
|
4 |
|c 2015
|
| 300 |
|
|
|a 1 online resource (97 pages)
|
| 336 |
|
|
|a text
|2 rdacontent
|
| 337 |
|
|
|a computer
|2 rdamedia
|
| 338 |
|
|
|a online resource
|2 rdacarrier
|
| 588 |
|
|
|a Description based on print version record.
|
| 590 |
|
|
|a Electronic reproduction. Ann Arbor, MI : ProQuest, 2016. Available via World Wide Web. Access may be limited to ProQuest affiliated libraries.
|
| 650 |
|
0 |
|a Capital market
|z European Union countries.
|
| 650 |
|
0 |
|a Economic policy.
|
| 650 |
|
0 |
|a Nonbank financial institutions
|z European Union countries.
|
| 655 |
|
4 |
|a Electronic books.
|
| 776 |
0 |
8 |
|i Print version:
|a Aubrey, Thomas.
|t Supporting investors and growth firms : a bottom-up appraoch to a capital markets union.
|d London, [England] ; New York, [New York] : Policy Network : Rowman & Littlefield International, c2015
|h vii, 88 pages
|z 9781783485406
|w 2015941379
|
| 797 |
2 |
|
|a ProQuest (Firm)
|
| 856 |
4 |
0 |
|u https://ebookcentral.proquest.com/lib/matrademy/detail.action?docID=2068841
|z Click to View
|